Visualizzazione normale
Vista MARC
- Sommers Stephen
di Personal Name
Records bibliografici associati: 2
001 - CONTROL NUMBER
- control field: 48746
003 - CONTROL NUMBER IDENTIFIER
- control field: IT-RoPau
005 - DATE AND TIME OF LATEST TRANSACTION
- control field: 20151201213537.0
008 - FIXED-LENGTH DATA ELEMENTS
- fixed length control field: 151201|| aca||aabn | a|a d
040 ## - CATALOGING SOURCE
- Original cataloging agency: IT-RoPau
- Transcribing agency: IT-RoPau
100 ## - HEADING--PERSONAL NAME
- Personal name: Sommers Stephen
- Relator term: (regista)
- Miscellaneous information: Codice regista SPICS: 58492
670 ## - SOURCE DATA FOUND
- Source citation: Work cat.: (IT-RoPau)106787: Sommers Stephen Codice regista SPICS: 58492 48742, VAN HELSING VAN HELSING (Rif. Codice opera principale : H6339)